AH International Schools' Libraries

The digestive and urinary systems / (Record no. 49288)

MARC details
000 -LEADER
fixed length control field 00394nam a2200133 4500
020 ## - INTERNATIONAL STANDARD BOOK NUMBER
International Standard Book Number 9780716618430
100 ## - MAIN ENTRY--PERSONAL NAME
Personal name Midthun, Joseph
9 (RLIN) 86521
245 ## - TITLE STATEMENT
Title The digestive and urinary systems /
Statement of responsibility, etc Joseph Midthun & Samuel Hiti
260 ## - PUBLICATION, DISTRIBUTION, ETC. (IMPRINT)
Place of publication, distribution, etc Chicago
Name of publisher, distributor, etc World Book
Date of publication, distribution, etc 2016
300 ## - PHYSICAL DESCRIPTION
Extent 32 p.
Other physical details col. ill.
Dimensions 25 cm.
490 ## - SERIES STATEMENT
Series statement Building Blocks of Science
650 ## - SUBJECT ADDED ENTRY--TOPICAL TERM
Topical term or geographic name as entry element Digestive
9 (RLIN) 86536
942 ## - ADDED ENTRY ELEMENTS (KOHA)
Source of classification or shelving scheme
Koha item type Books/GRAPHICS
Holdings
Withdrawn status Lost status Source of classification or shelving scheme Damaged status Not for loan Collection code Home library Current library Date acquired Total Checkouts Full call number Barcode Date last seen Price effective from Koha item type Public note
          TEACHERS' RESOURCES Asian Hope Early Years Library Asian Hope Early Years Library 08/14/2025   GRAPHIX 612.3 MID 207872 08/14/2025 08/14/2025 Books/GRAPHICS Year 1 book

For any Logos Library related questions please contact Miss Art at swongnarasuk@asianhope.org.

For any Asian Hope Library related questions please contact Miss Raza at graza@asianhope.org.

Click here to explore our ebooks!

Powered by Koha